Statistiques concernant Top 10 des villes avec le plus de milliardaires

Cliquez ici pour prendre le quiz!

Statistiques générales

  • Ce quiz a été pris 99 fois
  • Le résultat moyen est 6 sur 10

Statistiques - réponses

# No. Ville % Correct
1.79New York
100%
5.48Londres
90%
4.51Pékin
85%
7.31Shanghai
79%
3.60Moscou
70%
2.68Hong Kong
60%
8.30Seoul
43%
10.28San Francisco
36%
6.32Mumbai
30%
9.30Shenzhen
16%

Distribution des résultats

Percentile par nombre de réponses

% des personnes avec chaque résultat

Votre développement - résultats

Vous n’avez pas pris ce quiz